000 00272nam a2200121 i 4500
001 bg
245 0 _a1000 słów o chemii i broni chemicznej.
260 _aWarszawa,
_c1987.
040 _cBPK
041 _apol
942 _cKS
008 s pl f |000 0 pol
999 _c23768
_d23768
856 _uhttp://koha.tu.koszalin.pl/cgi-bin/koha/opac-detail.pl?biblionumber=23768
_yKatalog online BPK